000170745 001__ 170745
000170745 005__ 20260429150230.0
000170745 037__ $$aTAZ-TFG-2025-4296
000170745 041__ $$aspa
000170745 1001_ $$aPeña Romero de Tejada, Celia
000170745 24200 $$aAmmonia gas phase adsorption on activated carbons
000170745 24500 $$aAdsorción de amoniaco sobre carbones activados
000170745 260__ $$aZaragoza$$bUniversidad de Zaragoza$$c2025
000170745 506__ $$aby-nc-sa$$bCreative Commons$$c3.0$$uhttp://creativecommons.org/licenses/by-nc-sa/3.0/
000170745 520__ $$aEn este TFG se estudian las propiedades químicas y texturales de la cascarilla de arroz tras someterse a un tratamiento de activación química mediante impregnación (cuatro tipos de agente impregnante), pirólisis(a tres temperaturas posibles) y lavado (dos agentes de lavado); además de la capacidad de adsorción de NH3 en fase gas en cada una de las muestras tratadas. Para ello se calcula el rendimiento a char, la superficie específica y se realizan los análisis FTIR y XPS; estudiándose el efecto de las impregnaciones y el lavado. El objetivo de este trabajo es obtener un residuo de bajo coste cuya capacidad de adsorción de NH3 en fase gas sea optima para así reducir las emisiones de dicho gas a la atmósfera provocadas por la ganadería intensiva.<br />
000170745 521__ $$aGraduado en Ingeniería Química
000170745 540__ $$aDerechos regulados por licencia Creative Commons
000170745 691__ $$a6 12
000170745 692__ $$aEvitar emisiones de NH3 que puedan acabar en recursos hídricos así como reducir las emisiones producidas por ganadería intensiva.
000170745 700__ $$aFonts Amador, María Isabel$$edir.
000170745 7102_ $$aUniversidad de Zaragoza$$bIngeniería Química y Tecnologías del Medio Ambiente$$cIngeniería Química
000170745 8560_ $$f819903@unizar.es
000170745 8564_ $$s4215158$$uhttps://zaguan.unizar.es/record/170745/files/TAZ-TFG-2025-4296.pdf$$yMemoria (spa)
000170745 909CO $$ooai:zaguan.unizar.es:170745$$pdriver$$ptrabajos-fin-grado
000170745 950__ $$a
000170745 951__ $$adeposita:2026-04-29
000170745 980__ $$aTAZ$$bTFG$$cEINA
000170745 999__ $$a20250908223159.CREATION_DATE